[Event "114th ch-SUI 2014"]
[Site "Bern SUI"]
[Date "2014.09.27"]
[Round "1"]
[White "Zueger,B"]
[Black "Milov,V"]
[Result "0-1"]
[WhiteElo "2399"]
[BlackElo "2622"]
[EventDate "2014.09.27"]

1. Nf3 g6 2. e4 Bg7 3. d4 d6 4. c4 Nf6 5. Nc3 O-O 6. Be2 Na6 7. O-O e5 8.
Re1 Qe8 9. Bf1 Bg4 10. d5 Nb4 11. Be2 a5 12. Bg5 Nh5 13. a3 Na6 14. h3 Bd7
15. Nd2 Nf4 16. Bf1 h6 17. Bh4 f5 18. Bg3 Nh5 19. Bh2 f4 20. b4 Nf6 21. c5
g5 22. cxd6 cxd6 23. Nc4 Qe7 24. Nb6 Rad8 25. Nxd7 Rxd7 26. bxa5 Qd8 27.
Rb1 Qxa5 28. Na4 Nc5 29. Bb5 Rc7 30. Nxc5 Rxc5 31. a4 Rc3 32. f3 Nh5 33.
Qd2 Rfc8 34. Rbc1 Ng3 35. Rxc3 Qxc3 36. Qxc3 Rxc3 37. Rb1 h5 38. Bxg3 fxg3
39. Bd7 Bh6 40. Kf1 Rc2 41. Re1 g4 42. hxg4 Bd2 43. Rd1 Be3 44. Re1 Rf2+
45. Kg1 Bc5 46. gxh5 Rxf3+ 47. Kh1 Rf4 48. Bh3 Kg7 49. Rb1 b6 0-1

[Event "114th ch-SUI 2014"]
[Site "Bern SUI"]
[Date "2014.09.27"]
[Round "1"]
[White "Georgiadis,N"]
[Black "Huss,A"]
[Result "1-0"]
[WhiteElo "2451"]
[BlackElo "2382"]
[EventDate "2014.09.27"]

1. e4 e6 2. d4 d5 3. Nc3 Bb4 4. exd5 exd5 5. Bd3 Nc6 6. a3 Bxc3+ 7. bxc3
Nge7 8. Qf3 Be6 9. Rb1 Na5 10. Ne2 Qd7 11. O-O c6 12. Re1 O-O 13. Ng3 Rae8
14. h3 Nc4 15. Nh5 f6 16. Bh6 Nf5 17. Bxf5 Bxf5 18. Rxe8 Rxe8 19. Nxg7 Be4
20. Nxe8 1-0

[Event "114th ch-SUI 2014"]
[Site "Bern SUI"]
[Date "2014.09.27"]
[Round "1"]
[White "Kurmann,O"]
[Black "Klauser,M"]
[Result "1/2-1/2"]
[WhiteElo "2439"]
[BlackElo "2384"]
[EventDate "2014.09.27"]

1. e4 e5 2. Nf3 Nc6 3. Bc4 Bc5 4. c3 Nf6 5. d4 exd4 6. cxd4 Bb4+ 7. Nbd2
Nxe4 8. d5 Nxd2 9. Bxd2 Qe7+ 10. Kf1 Na5 11. Bd3 O-O 12. Be3 b5 13. Qc2 Nc4
14. Bxh7+ Kh8 15. Bd4 c5 16. dxc6 dxc6 17. a3 Ba5 18. b4 Bb6 19. Re1 Be6
20. Ba1 1/2-1/2

[Event "114th ch-SUI 2014"]
[Site "Bern SUI"]
[Date "2014.09.27"]
[Round "1"]
[White "Ballmann,M"]
[Black "Pelletier,Y"]
[Result "0-1"]
[WhiteElo "2386"]
[BlackElo "2571"]
[EventDate "2014.09.27"]

1. d4 e6 2. Nf3 f5 3. g3 Nf6 4. Bg2 d5 5. O-O Bd6 6. b3 Qe7 7. c4 c6 8. Bb2
O-O 9. Ne5 a5 10. Nd2 b6 11. f3 Bb7 12. Re1 Na6 13. Nd3 Nb4 14. Qb1 Qf7 15.
Ne5 Qh5 16. a3 Na6 17. Qd1 Qh6 18. f4 Rac8 19. Rc1 Rfd8 20. cxd5 exd5 21.
e3 g6 22. h3 Qf8 23. Ra1 Nc7 24. g4 Ne6 25. gxf5 gxf5 26. Kh1 Kh8 27. Nf1
Qg7 28. Qf3 Ne4 29. Qh5 Bxe5 30. dxe5 Rg8 31. Re2 Rcf8 32. Rc1 c5 33. Rd1
d4 34. exd4 Nxf4 35. Qf3 Nxe2 36. d5 Nd4 37. Rxd4 cxd4 38. Bxd4 Bxd5 0-1

[Event "114th ch-SUI 2014"]
[Site "Bern SUI"]
[Date "2014.09.28"]
[Round "2"]
[White "Milov,V"]
[Black "Pelletier,Y"]
[Result "1/2-1/2"]
[WhiteElo "2622"]
[BlackElo "2571"]
[EventDate "2014.09.27"]

1. d4 e6 2. c4 Nf6 3. Nc3 Bb4 4. Bg5 c5 5. d5 exd5 6. cxd5 d6 7. e3 Nbd7 8.
Bh4 Bxc3+ 9. bxc3 Qa5 10. Ne2 O-O 11. f3 Re8 12. Qd2 c4 13. Bxf6 Nxf6 14.
e4 Nd7 15. Ng3 Ne5 16. Be2 f5 17. O-O fxe4 18. fxe4 Bd7 19. Nf5 Bxf5 20.
exf5 Qc5+ 21. Kh1 Nd7 22. Rf4 1/2-1/2

[Event "114th ch-SUI 2014"]
[Site "Bern SUI"]
[Date "2014.09.28"]
[Round "2"]
[White "Klauser,M"]
[Black "Ballmann,M"]
[Result "1/2-1/2"]
[WhiteElo "2384"]
[BlackElo "2386"]
[EventDate "2014.09.27"]

1. e4 g6 2. d4 Bg7 3. Nc3 d6 4. Be3 a6 5. Nf3 Nd7 6. Bc4 e6 7. a4 b6 8. O-O
Bb7 9. Qd2 h6 10. d5 e5 11. h3 Ne7 12. Nh2 f5 13. exf5 Nxf5 14. Ng4 Nf6 15.
Bd3 Qe7 16. Nxf6+ Qxf6 17. Ne4 Qh4 18. c4 a5 19. Ng3 O-O 20. Nxf5 gxf5 21.
f4 e4 22. Be2 Kh7 1/2-1/2

[Event "114th ch-SUI 2014"]
[Site "Bern SUI"]
[Date "2014.09.28"]
[Round "2"]
[White "Loetscher,R"]
[Black "Kurmann,O"]
[Result "1-0"]
[WhiteElo "2416"]
[BlackElo "2439"]
[EventDate "2014.09.27"]

1. d4 Nf6 2. c4 e6 3. Nf3 c5 4. d5 exd5 5. cxd5 g6 6. Nc3 d6 7. Bf4 a6 8.
a4 Bg7 9. h3 O-O 10. e3 Ne8 11. Be2 Nd7 12. O-O Rb8 13. a5 b5 14. axb6 Rxb6
15. Qc2 Qe7 16. Bg5 f6 17. Bh4 Nc7 18. Rfe1 Rb4 19. Bf1 Qf7 20. Bg3 Qe7 21.
Nd2 f5 22. Nc4 Ne5 23. Na5 Bd7 24. Rad1 Rfb8 25. b3 Qf6 26. Na2 R4b5 27.
Bxb5 axb5 28. Nb4 Ra8 29. Nbc6 Nf7 30. Rd3 Be8 31. Qd2 g5 32. f4 Bd7 33. e4
fxe4 34. Rxe4 Bf8 35. Re1 g4 36. Rde3 gxh3 37. Ne7+ Bxe7 38. Rxe7 Qf5 39.
Nc6 Nxd5 40. Rxd7 Qxd7 41. Qxd5 Re8 42. Rxe8+ Qxe8 43. gxh3 Qe3+ 44. Kg2
Kg7 45. f5 Qe2+ 46. Bf2 Kf6 47. Kg1 Qh5 48. Qe6+ Kg5 49. Be3+ Kh4 50. Qe4+
1-0

[Event "114th ch-SUI 2014"]
[Site "Bern SUI"]
[Date "2014.09.28"]
[Round "2"]
[White "Huss,A"]
[Black "Kosteniuk,A"]
[Result "0-1"]
[WhiteElo "2382"]
[BlackElo "2543"]
[EventDate "2014.09.27"]

1. d4 Nf6 2. c4 e6 3. Nf3 b6 4. Nc3 Bb4 5. Qc2 Bb7 6. a3 Bxc3+ 7. Qxc3 O-O
8. e3 Ne4 9. Qc2 f5 10. Bd3 Rf6 11. b3 Rg6 12. Rg1 c5 13. Bb2 cxd4 14. exd4
d6 15. O-O-O Nd7 16. Kb1 Rc8 17. Qe2 b5 18. Nd2 bxc4 19. bxc4 Nb6 20. f3
Na4 21. Nxe4 Rb8 22. Ka1 Bxe4 23. Rb1 Bxd3 24. Qxd3 Nxb2 25. Rxb2 Rxb2 26.
Kxb2 Qh4 27. Qe3 f4 28. Qe2 Qxh2 29. Qf2 h5 30. c5 dxc5 31. dxc5 e5 32. Kc3
e4 33. fxe4 f3 34. Kd4 0-1

[Event "114th ch-SUI 2014"]
[Site "Bern SUI"]
[Date "2014.09.28"]
[Round "2"]
[White "Zueger,B"]
[Black "Georgiadis,N"]
[Result "0-1"]
[WhiteElo "2399"]
[BlackElo "2451"]
[EventDate "2014.09.27"]

1. c4 f5 2. g3 Nf6 3. Bg2 g6 4. Nc3 Bg7 5. e3 O-O 6. Nge2 d6 7. O-O Nc6 8.
Rb1 a5 9. a3 e5 10. d3 Be6 11. Nd5 Bxd5 12. cxd5 Ne7 13. e4 c6 14. dxc6
bxc6 15. Bg5 d5 16. exd5 cxd5 17. Qd2 Ra7 18. Rfc1 Qb6 19. Nc3 d4 20. Na4
Qd6 21. Rc5 Ned5 22. Re1 e4 23. Bxf6 Nxf6 24. dxe4 fxe4 25. Bxe4 Re7 26.
Bf3 Nd7 27. Bd5+ Kh8 28. Rxa5 Rxe1+ 29. Qxe1 Ne5 30. f4 Nc6 31. Bxc6 Qxc6
32. Nc5 d3 33. Qe4 Qb6 34. b4 d2 35. Qe2 Rd8 36. Qd1 Qc6 0-1

[Event "114th ch-SUI 2014"]
[Site "Bern SUI"]
[Date "2014.09.28"]
[Round "3"]
[White "Georgiadis,N"]
[Black "Milov,V"]
[Result "1/2-1/2"]
[WhiteElo "2451"]
[BlackElo "2622"]
[EventDate "2014.09.27"]

1. e4 c5 2. Nf3 e6 3. d4 cxd4 4. Nxd4 a6 5. Bd3 Bc5 6. Nb3 Be7 7. Qg4 g6 8.
Qe2 d6 9. O-O Nc6 10. Na3 Nf6 11. Bh6 e5 12. Bg7 Rg8 13. Bxf6 Bxf6 14. Nc4
Kf8 15. a4 Kg7 16. Ne3 Bg5 17. Nd5 h5 18. Bc4 Be6 19. Rfd1 Bg4 20. f3 Be6
21. c3 Rc8 22. Kh1 h4 23. a5 Bxd5 1/2-1/2

[Event "114th ch-SUI 2014"]
[Site "Bern SUI"]
[Date "2014.09.28"]
[Round "3"]
[White "Kurmann,O"]
[Black "Huss,A"]
[Result "1/2-1/2"]
[WhiteElo "2439"]
[BlackElo "2382"]
[EventDate "2014.09.27"]

1. e4 c6 2. d4 d5 3. Nd2 dxe4 4. Nxe4 Nf6 5. Nxf6+ gxf6 6. Qd3 Bg4 7. Ne2
Bh5 8. f4 Bg6 9. Qb3 Qb6 10. c3 h5 11. Be3 Nd7 12. O-O-O Qxb3 13. axb3 e6
1/2-1/2

[Event "114th ch-SUI 2014"]
[Site "Bern SUI"]
[Date "2014.09.28"]
[Round "3"]
[White "Pelletier,Y"]
[Black "Klauser,M"]
[Result "1-0"]
[WhiteElo "2571"]
[BlackElo "2384"]
[EventDate "2014.09.27"]

1. d4 d6 2. Nf3 Bg4 3. c4 Nd7 4. g3 Bxf3 5. exf3 g6 6. Bg2 Bg7 7. O-O c6 8.
d5 Ngf6 9. Nc3 O-O 10. f4 Rc8 11. Bd2 a6 12. Rc1 Re8 13. Re1 cxd5 14. cxd5
b5 15. Ne2 Rxc1 16. Nxc1 Nb6 17. Ba5 Qb8 18. b3 Kf8 19. g4 e6 20. dxe6 Rxe6
21. h3 d5 22. Rxe6 fxe6 23. Nd3 Nbd7 24. Qc2 Qb7 25. f5 gxf5 26. Nf4 Kf7
27. gxf5 e5 28. Ne6 Kg8 29. Qc7 Qxc7 30. Nxc7 e4 31. Nxa6 d4 32. Nc7 d3 33.
Nxb5 Bh6 34. Kf1 Nc5 35. Ke1 Nh5 36. Bd2 Bxd2+ 37. Kxd2 Nf4 38. Bf1 Kg7 39.
Nc3 Kf6 40. b4 Na6 41. Nxe4+ Kxf5 42. b5 Nb4 43. Nc3 Ke5 44. a3 Nc2 45.
Bxd3 Nxa3 46. Bf1 Kd6 47. Ke3 Ne6 48. Bd3 h6 49. Nb1 Nxb1 50. Bxb1 Ke5 51.
b6 Kd6 52. Be4 Ng5 53. Bg2 Ne6 54. b7 Kc7 55. f4 Nc5 56. f5 Nd7 57. Kd4 Kd6
58. Bd5 Nb8 59. f6 Nd7 60. f7 Ke7 61. Kc4 Kf8 62. Be6 Nb8 63. Kb5 Ke7 64.
Ba2 Nd7 65. Kc6 Nb8+ 66. Kc7 Na6+ 67. Kc8 Kf8 68. Bc4 1-0

[Event "114th ch-SUI 2014"]
[Site "Bern SUI"]
[Date "2014.09.29"]
[Round "4"]
[White "Milov,V"]
[Black "Klauser,M"]
[Result "1-0"]
[WhiteElo "2622"]
[BlackElo "2384"]
[EventDate "2014.09.27"]

1. d4 Nf6 2. c4 e6 3. Nc3 Bb4 4. e3 O-O 5. Bd3 d5 6. a3 Bxc3+ 7. bxc3 c5 8.
cxd5 exd5 9. Ne2 b6 10. O-O Ba6 11. f3 Re8 12. Ng3 Bxd3 13. Qxd3 Nc6 14.
Bb2 Qd7 15. e4 dxe4 16. fxe4 Qe6 17. e5 c4 18. Qf3 Nd5 19. Ne4 Rf8 20. a4
Nce7 21. Ba3 Rad8 22. Rae1 Qc6 23. Qh3 Qe6 24. Qh4 Ng6 25. Qg3 Nde7 26. Ng5
Qc6 27. h4 Qxa4 28. Ra1 Qd7 29. h5 f6 30. e6 Qb7 31. hxg6 fxg5 32. gxh7+
Kxh7 33. Qxg5 Rf6 34. Rxf6 gxf6 35. Qh5+ 1-0

[Event "114th ch-SUI 2014"]
[Site "Bern SUI"]
[Date "2014.09.29"]
[Round "4"]
[White "Loetscher,R"]
[Black "Pelletier,Y"]
[Result "1/2-1/2"]
[WhiteElo "2416"]
[BlackElo "2571"]
[EventDate "2014.09.27"]

1. d4 Nf6 2. c4 b6 3. Nc3 Bb7 4. f3 d5 5. cxd5 Nxd5 6. e4 Nxc3 7. bxc3 e5
8. Be3 Nc6 9. Bc4 Na5 10. Qa4+ c6 11. Bd3 Bd6 12. Ne2 f6 13. O-O Qe7 14.
Ng3 g6 15. f4 O-O-O 16. Rf3 exf4 17. Bxf4 Bxf4 18. Rxf4 c5 19. Raf1 Rhf8
20. Qc2 Qd6 21. Kh1 Kb8 22. d5 Qe5 23. Qd2 Bc8 24. R4f3 Bg4 25. R3f2 g5 26.
c4 Kc7 27. Be2 Bxe2 28. Qxe2 Qd4 29. Rc1 Rde8 30. Qf1 Nb7 31. Nh5 Rxe4 32.
Nxf6 Rf4 33. d6+ Kc6 34. Rxf4 Qxf4 35. Qxf4 gxf4 36. Nxh7 Rf5 37. Kg1 Nxd6
38. Kf2 Rh5 39. Nf6 Rxh2 40. Kf3 Rh4 41. Ng4 Nf5 42. Re1 Kd6 43. Re4 Nd4+
44. Kxf4 Rh1 45. Ne3 Ra1 46. g4 Rxa2 47. Nf5+ Kc6 48. Nxd4+ cxd4 49. Rxd4
Kc5 50. Ke3 Ra3+ 51. Rd3 Ra1 52. Kd2 Kxc4 53. Rg3 Ra2+ 54. Kc1 Re2 55. g5
Re7 56. Kb2 Rg7 57. g6 Kd5 58. Kb3 Ke6 59. Kb4 Kf5 60. Kb5 Rxg6 61. Ra3 Rg7
62. Ka6 Ke4 63. Rh3 Rc7 64. Rh4+ Kd3 65. Rg4 Kc3 66. Rg3+ Kb4 67. Rg1 Rd7
68. Rg4+ Kc3 69. Rg3+ Kc4 70. Rg1 Rd5 71. Rg4+ Rd4 72. Rg1 Kc3 73. Rg3+ Kb4
74. Rg1 Ka3 75. Rg3+ Kb2 76. Rg2+ Kc3 77. Rg3+ Rd3 78. Rg7 Rd5 79. Rg3+ Kc4
80. Rg4+ Kc5 81. Rg1 b5 82. Rc1+ Kd6 83. Rb1 Kc6 84. Rc1+ Rc5 85. Rb1 Rh5
86. Rb2 Rg5 1/2-1/2

[Event "114th ch-SUI 2014"]
[Site "Bern SUI"]
[Date "2014.09.29"]
[Round "4"]
[White "Huss,A"]
[Black "Ballmann,M"]
[Result "1/2-1/2"]
[WhiteElo "2382"]
[BlackElo "2386"]
[EventDate "2014.09.27"]

1. d4 d6 2. Nf3 g6 3. e4 Bg7 4. c3 Nf6 5. Bd3 O-O 6. O-O Nbd7 7. Re1 e5 8.
Bg5 h6 9. Bh4 Qe8 10. Na3 a6 11. Nc4 Nh5 12. a4 Nf4 13. Bf1 g5 14. Bg3 Ng6
15. Ne3 Bf6 16. Nf5 h5 17. h3 Ne7 18. Qd2 Nxf5 19. exf5 Qe7 20. Re2 h4 21.
Bh2 e4 22. Rae1 d5 23. Bxc7 Nb8 24. Bb6 Qd7 25. Ne5 Qxf5 26. Ng4 Bg7 27. c4
Qg6 28. Bc5 Bxg4 29. hxg4 Re8 30. cxd5 Nd7 31. f3 b6 32. Bb4 a5 33. Bc3 Nf6
34. d6 exf3 35. Rxe8+ Nxe8 36. d7 Nf6 37. Bb5 Ne4 38. Rxe4 Qxe4 39. Qxg5 f6
40. Qh5 Qe3+ 41. Kh2 Qf4+ 42. Kg1 Qe3+ 43. Kh2 Qf4+ 44. Kg1 1/2-1/2

[Event "114th ch-SUI 2014"]
[Site "Bern SUI"]
[Date "2014.09.29"]
[Round "4"]
[White "Zueger,B"]
[Black "Kurmann,O"]
[Result "1/2-1/2"]
[WhiteElo "2399"]
[BlackElo "2439"]
[EventDate "2014.09.27"]

1. g3 e5 2. c4 Nc6 3. Bg2 Bc5 4. a3 a6 5. e3 d6 6. Nc3 Bf5 7. b4 Ba7 8. Bb2
Nf6 9. d3 Qd7 10. h3 h6 11. Nge2 Rb8 12. Qd2 O-O 13. f4 b5 1/2-1/2

[Event "114th ch-SUI 2014"]
[Site "Bern SUI"]
[Date "2014.09.30"]
[Round "5"]
[White "Kurmann,O"]
[Black "Georgiadis,N"]
[Result "1/2-1/2"]
[WhiteElo "2439"]
[BlackElo "2451"]
[EventDate "2014.09.27"]

1. e4 e5 2. Nf3 Nc6 3. Bc4 Bc5 4. b4 Bxb4 5. c3 Be7 6. d4 Na5 7. Be2 d6 8.
Qa4+ c6 9. dxe5 dxe5 10. Nxe5 Nf6 11. O-O Qc7 12. f4 O-O 13. Nd2 b5 14. Qc2
a6 15. c4 Rb8 16. Kh1 c5 17. Rb1 b4 18. Bb2 Bb7 19. Bf3 Rbd8 20. Rfe1 Nd7
21. Nd3 Nb6 22. Re3 Nc6 23. Nb3 Nd4 24. Nxd4 cxd4 25. Re2 Qxc4 26. Ba1 a5
27. Rd2 Qxc2 28. Rxc2 Ba6 29. Ne5 Rc8 30. Nc6 Kh8 31. Rcc1 Rfe8 32. Nxe7
1/2-1/2

[Event "114th ch-SUI 2014"]
[Site "Bern SUI"]
[Date "2014.09.30"]
[Round "5"]
[White "Ballmann,M"]
[Black "Zueger,B"]
[Result "1/2-1/2"]
[WhiteElo "2386"]
[BlackElo "2399"]
[EventDate "2014.09.27"]

1. d4 Nf6 2. Nf3 g6 3. Bg5 Bg7 4. e3 O-O 5. Bd3 b6 6. O-O Bb7 7. Nbd2 c5 8.
c3 d6 9. Qe2 Nbd7 10. a3 Qc7 11. e4 e5 12. dxe5 dxe5 13. Bxf6 Nxf6 14. Ba6
Bc6 15. Bb5 Bb7 16. Ba6 Bc6 17. Bb5 Bb7 1/2-1/2

[Event "114th ch-SUI 2014"]
[Site "Bern SUI"]
[Date "2014.09.30"]
[Round "5"]
[White "Pelletier,Y"]
[Black "Huss,A"]
[Result "1-0"]
[WhiteElo "2571"]
[BlackElo "2382"]
[EventDate "2014.09.27"]

1. e4 c6 2. d4 d5 3. Nc3 dxe4 4. Nxe4 Nf6 5. Nxf6+ gxf6 6. Qd3 Qb6 7. Nf3
Bg4 8. Be2 e6 9. c3 Nd7 10. O-O O-O-O 11. a4 Qa5 12. h3 Bf5 13. Qe3 h5 14.
Nh4 Bh6 15. f4 Bc2 16. b4 Qc7 17. Ra2 Bb3 18. Ra3 Bc2 19. Ra2 Bb3 20. Ra3
Bc2 21. a5 f5 22. d5 Kb8 23. dxe6 fxe6 24. Bf3 Nf8 25. c4 Bg7 26. Qe2 Bd4+
27. Kh2 Qe7 28. Qxc2 Qxh4 29. a6 Ng6 30. axb7 Nxf4 31. Bxc6 Be5 32. Kh1 Ng6
33. Qa4 Kc7 34. b8=Q+ Rxb8 35. Qxa7+ 1-0

[Event "114th ch-SUI 2014"]
[Site "Bern SUI"]
[Date "2014.09.30"]
[Round "5"]
[White "Klauser,M"]
[Black "Loetscher,R"]
[Result "1/2-1/2"]
[WhiteElo "2384"]
[BlackElo "2416"]
[EventDate "2014.09.27"]

1. e4 e5 2. Nf3 Nc6 3. Bb5 Nf6 4. d3 Bc5 5. Bxc6 dxc6 6. Nbd2 Qe7 7. Nc4
Bd6 8. O-O c5 9. a3 Nd7 10. Ne3 Nb6 11. a4 Be6 12. a5 Nd7 13. a6 b6 14. Nd2
O-O 15. Ndc4 Rfe8 16. Qf3 Qf6 17. Qxf6 Nxf6 18. Bd2 Nd7 19. f3 f6 20. g4
Rad8 21. Nd5 Nf8 22. Nxd6 cxd6 23. c4 Rc8 24. b4 Bd7 25. Be3 Ne6 26. b5 Nc7
27. Nc3 g5 28. h4 h6 29. Kf2 Kg7 30. Rh1 Rh8 31. Rh2 Rh7 32. Ne2 Rch8 33.
Ng3 Kg6 34. Bd2 Be6 35. Rah1 Bd7 36. Ke2 Be6 37. Nh5 Ne8 38. Ng3 Nc7 39.
Bc1 Bd7 40. Rg1 Kf7 41. Be3 Bc8 42. Nh5 Ne8 43. Rgh1 Kg6 44. Kf2 Bd7 45.
Bd2 Bc8 46. Bc3 Bd7 47. Ng3 Nc7 48. Bb2 Bc8 49. Bc1 Bd7 50. Nf1 Bc8 51. Ne3
Bd7 52. Bb2 Bc8 53. Nf5 Bxf5 54. gxf5+ Kg7 55. Ke2 Ne8 56. Rg1 Kf7 57. Bc3
Ng7 58. Rgh1 Nh5 59. Ke3 Kg7 60. Be1 Kg8 61. Bd2 Kg7 62. Kf2 Kf7 63. Kg2
Nf4+ 64. Kf1 Nh5 65. Kf2 Kf8 66. Rg1 Rg8 67. Rg4 Kf7 68. Kg2 Nf4+ 69. Kf1
Nh5 70. Rhg2 Rhg7 71. Kg1 Nf4 72. Bxf4 gxf4 73. Kf2 h5 74. Rxg7+ Rxg7 75.
Rxg7+ Kxg7 1/2-1/2

[Event "114th ch-SUI 2014"]
[Site "Bern SUI"]
[Date "2014.10.01"]
[Round "6"]
[White "Milov,V"]
[Black "Loetscher,R"]
[Result "0-1"]
[WhiteElo "2622"]
[BlackElo "2416"]
[EventDate "2014.09.27"]

1. c4 c6 2. e4 d5 3. cxd5 cxd5 4. exd5 Nf6 5. Nc3 Nxd5 6. Nf3 Nc6 7. Bb5 e6
8. O-O Be7 9. d4 O-O 10. Re1 Bd7 11. Nxd5 exd5 12. Qb3 Be6 13. Bxc6 bxc6
14. Ne5 Rc8 15. Qg3 c5 16. Be3 c4 17. Bh6 Bf6 18. h4 Qb6 19. Rad1 Qxb2 20.
h5 Kh8 21. Bc1 Qc2 22. h6 Qf5 23. Qh2 Rg8 24. f3 gxh6 25. Bxh6 Bxe5 26.
Rxe5 Qxf3 27. Rf1 Qh3 28. Qxh3 Bxh3 29. Bg5 h6 30. Bf6+ Kh7 0-1

[Event "114th ch-SUI 2014"]
[Site "Bern SUI"]
[Date "2014.10.01"]
[Round "6"]
[White "Huss,A"]
[Black "Klauser,M"]
[Result "1/2-1/2"]
[WhiteElo "2382"]
[BlackElo "2384"]
[EventDate "2014.09.27"]

1. d4 Nf6 2. c4 e6 3. Nf3 b6 4. Nc3 Bb4 5. Qc2 Bb7 6. a3 Bxc3+ 7. Qxc3 Ne4
8. Qc2 f5 9. g3 O-O 10. Bg2 Qf6 11. O-O a5 12. b3 d6 13. Ng5 Qg6 14. Nxe4
Bxe4 15. Bxe4 fxe4 16. f3 Nd7 17. Qxe4 Qxe4 18. fxe4 Rxf1+ 19. Kxf1 Nf6 20.
e5 dxe5 21. dxe5 Ne4 22. Be3 Rd8 23. Ke1 h5 24. b4 a4 25. b5 Kf7 26. Rc1
Nc5 27. h3 Kg6 28. g4 hxg4 29. hxg4 Rh8 30. Kf2 Rh3 31. Bxc5 bxc5 32. e3
Rh2+ 33. Kf3 Ra2 34. Rc3 Rd2 35. Kf4 Rd1 36. Ke4 Kg5 37. Rc2 g6 38. Rf2 Rc1
39. Rf7 Rxc4+ 40. Kd3 Rc1 41. Rxc7 Ra1 42. Kc4 Rc1+ 43. Kd3 Ra1 44. Kc4
Rc1+ 1/2-1/2

[Event "114th ch-SUI 2014"]
[Site "Bern SUI"]
[Date "2014.10.01"]
[Round "6"]
[White "Zueger,B"]
[Black "Pelletier,Y"]
[Result "0-1"]
[WhiteElo "2399"]
[BlackElo "2571"]
[EventDate "2014.09.27"]

1. g3 d5 2. Nf3 c6 3. Bg2 Bg4 4. c4 e6 5. b3 Nd7 6. Bb2 Ngf6 7. d3 Bd6 8.
Nbd2 O-O 9. h3 Bh5 10. O-O Re8 11. e4 dxe4 12. Nxe4 Nxe4 13. dxe4 Qc7 14.
g4 Bg6 15. Qe2 e5 16. Nh4 Nf8 17. Nf5 Bc5 18. Bc3 Ne6 19. Qb2 Nf4 20. Rfd1
Bxf5 21. exf5 Bd4 22. Bf1 c5 23. Re1 Qc6 24. Re3 Rad8 25. Qc2 e4 26. Rg3
Qd6 27. Kh1 e3 28. fxe3 Bxc3 29. Qxc3 Ne2 0-1

[Event "114th ch-SUI 2014"]
[Site "Bern SUI"]
[Date "2014.10.01"]
[Round "6"]
[White "Georgiadis,N"]
[Black "Ballmann,M"]
[Result "1/2-1/2"]
[WhiteElo "2451"]
[BlackElo "2386"]
[EventDate "2014.09.27"]

1. e4 g6 2. d4 Bg7 3. Nc3 d6 4. Be3 a6 5. Qd2 Nd7 6. h4 h6 7. O-O-O b5 8.
f4 h5 9. Nf3 Ndf6 10. Bd3 Ng4 11. Bg1 c6 12. Kb1 N8h6 13. Ne2 d5 14. Ne5
Nxe5 15. dxe5 Bg4 16. Bc5 Qc7 17. Qe3 O-O 18. Rd2 dxe4 19. Bxe4 Nf5 20. Qf2
Rad8 21. Rxd8 Qxd8 22. Nc3 Qd7 23. Bf3 Bxf3 1/2-1/2

[Event "114th ch-SUI 2014"]
[Site "Bern SUI"]
[Date "2014.10.02"]
[Round "7"]
[White "Kurmann,O"]
[Black "Milov,V"]
[Result "0-1"]
[WhiteElo "2439"]
[BlackElo "2622"]
[EventDate "2014.09.27"]

1. e4 e5 2. Nf3 Nc6 3. Bc4 Bc5 4. b4 Bb6 5. a4 a6 6. Nc3 d6 7. Nd5 Nf6 8.
O-O O-O 9. Nxb6 cxb6 10. d3 d5 11. exd5 Nxd5 12. Bg5 f6 13. Bd2 Bg4 14. h3
Bh5 15. c3 Kh8 16. Qe2 Nce7 17. Rfe1 Rc8 18. Rac1 Bf7 19. Qd1 Ng6 20. Bb3
Qe8 21. Kh2 Ndf4 22. Bxf7 Qxf7 23. Bxf4 Nxf4 24. g3 Nd5 25. Qd2 Qh5 26. Kg2
Rfd8 27. d4 exd4 28. Nxd4 h6 29. Red1 Rd7 30. Nf3 Rcd8 31. Qc2 Qf7 32. Rd4
Nc7 33. Rcd1 Rxd4 34. Rxd4 Rxd4 35. cxd4 Qd7 36. Qc4 b5 37. axb5 Nxb5 38.
Qc5 Nc7 39. h4 Nd5 40. Ne1 b6 41. Qc4 Qe6 42. Qxa6 Nxb4 43. Qa1 b5 44. Kf3
Qc6+ 45. Ke3 f5 46. Kd2 Nd5 47. Nd3 Nf6 48. Qb2 Ne4+ 49. Ke3 Nd6 50. Ne5
Qe4+ 51. Kd2 f4 52. Qc3 fxg3 53. fxg3 Qf5 54. Qf3 Qxf3 55. Nxf3 Kg8 56. Kc3
Kf7 57. Kb4 Ke6 58. Kc5 Ne4+ 59. Kxb5 Kd5 60. g4 Nc3+ 61. Kb4 Ne2 62. h5
Nxd4 63. Nh4 Ke5 64. Kc4 Ne6 65. Nf5 Ke4 66. Ne7 Kf4 67. Kd5 Nc7+ 68. Kc6
Ne8 69. Kd7 Nf6+ 70. Ke6 Kxg4 71. Kf7 Nxh5 72. Ng8 Kg5 73. Ne7 Kg4 74. Ng8
Kf5 75. Ne7+ Kg5 76. Ng6 Nf4 77. Ne5 g6 0-1

[Event "114th ch-SUI 2014"]
[Site "Bern SUI"]
[Date "2014.10.02"]
[Round "7"]
[White "Pelletier,Y"]
[Black "Georgiadis,N"]
[Result "1/2-1/2"]
[WhiteElo "2571"]
[BlackElo "2451"]
[EventDate "2014.09.27"]

1. Nf3 d5 2. d4 Nf6 3. c4 e6 4. g3 Bb4+ 5. Bd2 Be7 6. Bg2 O-O 7. O-O c6 8.
Qc2 b6 9. Bf4 Bb7 10. Rd1 Nbd7 11. Ne5 Rc8 12. Nc3 Nxe5 13. dxe5 Nd7 14.
cxd5 cxd5 15. e4 d4 16. Rxd4 Qc7 17. Rad1 Nxe5 18. Qa4 Bf6 19. Nb5 Bc6 20.
Nxc7 Bxa4 21. Rxa4 Rxc7 22. b3 g5 23. Bxe5 Bxe5 24. Bf1 Bf6 25. Rc4 Rxc4
26. Bxc4 Rd8 27. Rxd8+ Bxd8 28. Kg2 1/2-1/2

[Event "114th ch-SUI 2014"]
[Site "Bern SUI"]
[Date "2014.10.02"]
[Round "7"]
[White "Klauser,M"]
[Black "Zueger,B"]
[Result "0-1"]
[WhiteElo "2384"]
[BlackElo "2399"]
[EventDate "2014.09.27"]

1. e4 c5 2. Nf3 d6 3. d4 cxd4 4. Nxd4 Nf6 5. Nc3 Nc6 6. Bg5 e6 7. Qd2 a6 8.
O-O-O Bd7 9. f3 Be7 10. Kb1 Qc7 11. Be3 h5 12. Bd3 b5 13. Nxc6 Bxc6 14. Ne2
d5 15. e5 Nd7 16. f4 Nb6 17. Qa5 Bd8 18. Nd4 Bd7 19. Qe1 Nc4 20. Bc1 Qb6
21. Bxc4 bxc4 22. f5 exf5 23. Qg3 O-O 24. Qf3 Rb8 25. Qxh5 g6 26. Qh6 Re8
27. h4 Rxe5 28. Nf3 Bf6 29. Nxe5 Bxe5 30. b3 Bg7 31. Qf4 Qf6 32. Qxb8+ Kh7
33. c3 Qxc3 34. Rd2 f4 35. Rb2 Bf5+ 36. Ka1 Qc2 0-1

[Event "114th ch-SUI 2014"]
[Site "Bern SUI"]
[Date "2014.10.02"]
[Round "7"]
[White "Loetscher,R"]
[Black "Huss,A"]
[Result "1-0"]
[WhiteElo "2416"]
[BlackElo "2382"]
[EventDate "2014.09.27"]

1. d4 e6 2. c4 Nf6 3. g3 Bb4+ 4. Nd2 d5 5. Bg2 c6 6. Qc2 O-O 7. Ngf3 b6 8.
O-O Ba6 9. Rd1 Nbd7 10. e4 Be7 11. b3 Rc8 12. Bb2 Qc7 13. e5 Ne8 14. Nf1
Qb8 15. Ne3 Nc7 16. h4 h6 17. Rac1 Bb7 18. Qe2 c5 19. dxc5 Nxc5 20. Nd4
dxc4 21. Rxc4 Bxg2 22. Kxg2 Qb7+ 23. Qf3 Qxf3+ 24. Kxf3 f6 25. Nc6 fxe5+
26. Ke2 Bf6 27. Nxe5 a5 28. Bd4 N7a6 29. N3g4 h5 30. Nxf6+ gxf6 31. Ng6
Rfe8 32. Bxc5 Nxc5 33. Nf4 e5 34. Nxh5 Re6 35. Rg4+ Kh7 36. Ng7 Rec6 37.
Nf5 R8c7 38. Rd6 Rxd6 39. Nxd6 Ne6 40. Rc4 Rd7 41. Nb5 Nc5 42. Rc2 e4 43.
Rc4 f5 44. Rd4 Rf7 45. Ke3 a4 46. bxa4 Rf8 47. Nc3 Ra8 48. Rd5 Kg6 49. Rd6+
Kg7 50. Kf4 Rf8 51. Rxb6 Nd3+ 52. Ke3 Ne5 53. Rb3 Ng4+ 54. Ke2 Rd8 55. a5
Ra8 56. Rb5 Kg6 57. Nd5 Ra7 58. Rb6+ Kg7 59. a6 1-0

[Event "114th ch-SUI 2014"]
[Site "Bern SUI"]
[Date "2014.10.03"]
[Round "8"]
[White "Milov,V"]
[Black "Huss,A"]
[Result "1-0"]
[WhiteElo "2622"]
[BlackElo "2382"]
[EventDate "2014.09.27"]

1. c4 e6 2. Nc3 Bb4 3. Qb3 a5 4. a3 Bxc3 5. Qxc3 Qf6 6. d4 c5 7. Nf3 cxd4
8. Nxd4 Na6 9. h4 h6 10. g4 Ne7 11. Bg2 Nc6 12. Be3 a4 13. Rd1 O-O 14. g5
hxg5 15. hxg5 Qg6 16. Rh4 f5 17. Bxc6 bxc6 18. Nf3 f4 19. Bxf4 Nc5 20. Ne5
Qf5 21. Qg3 1-0

[Event "114th ch-SUI 2014"]
[Site "Bern SUI"]
[Date "2014.10.03"]
[Round "8"]
[White "Zueger,B"]
[Black "Loetscher,R"]
[Result "1/2-1/2"]
[WhiteElo "2399"]
[BlackElo "2416"]
[EventDate "2014.09.27"]

1. d4 d5 2. c4 c6 3. e3 Bf5 4. Bd3 Bxd3 5. Qxd3 e6 6. Nc3 Nf6 7. Nf3 Nbd7
8. O-O Bb4 9. Bd2 a5 10. Rfd1 O-O 11. a3 Bxc3 12. Bxc3 Ne4 13. Be1 a4 14.
Rab1 Nb6 15. Rdc1 Ra7 16. Rc2 Re8 17. h3 Nf6 18. Ne5 Nfd7 19. Nxd7 Qxd7 20.
c5 Na8 21. f3 Nc7 22. Rd1 Raa8 23. Bg3 Nb5 1/2-1/2